000 00438nam a22001697a 4500
003 MPLRDC
005 20220104143847.0
008 210129b ||||| |||| 00| 0 eng d
020 _a962-14-0232-8
082 _a447.166 CTJ-2
100 _a陈铁君、黎佐治 编著
245 _a现代汽车的结构与维修
_c
260 _a
_b香港万里书店
_c1990
300 _b
650 _a汽车修理
942 _cBK
_o447.166 CTJ-2
999 _c44048
_d44038